Football : Équipes de Premier League pour la saison 2025-2026 - Statistiques

Statistiques générales
  • Ce quiz a été pris 198 fois
  • Le résultat moyen est 17 sur 20
Statistiques - réponses
Club % Correct
Manchester City
100%
Manchester United
100%
Arsenal
99%
Liverpool
99%
Chelsea
97%
Tottenham
95%
Aston Villa
88%
West Ham
87%
Sunderland
84%
Everton
83%
Newcastle
83%
Leeds
81%
Wolves
81%
Crystal Palace
79%
Brighton
77%
Burnley
74%
Brentford
72%
Fulham
70%
Bournemouth
66%
Nottingham Forest
65%
Aucun quiz correspondant
Distribution des résultats
% des personnes avec chaque résultat
Percentile par nombre de réponses
Votre historique - résultats
Vous n’avez pas pris ce quiz